000 00214 a2200097 4500
001 46599
100 _aJamil, Malik
245 _aPass-e-Ayena
260 _aRawalpindi
_bNaveed Publishers
_c
090 _c29710
_d29710
942 _aNUST-CAE
_cM
_c21903
999 _c281672
_d281672